Central Library OPAC University of Rajshahi

الموسوعة الميسرة : فى الاديان والمذاهب والاحزاب المعاصرة Al musuatu al maysiratu : fi al Adyanu wa al mujahibi wa al ahjab al musirat / (Record no. 77844)

MARC details
000 -LEADER
fixed length control field 01019nam a2200253 4500
001 - CONTROL NUMBER
control field 77844
003 - CONTROL NUMBER IDENTIFIER
rucl marc code BD-RjUL
005 - DATE AND TIME OF LATEST TRANSACTION
control field 20211209083038.0
008 - FIXED-LENGTH DATA ELEMENTS--GENERAL INFORMATION
fixed length control field 210127s2004 sw ||||| |||| 00| 0 eng d
035 ## - SYSTEM CONTROL NUMBER
System control number (BD-RjUL)78070
040 ## - CATALOGING SOURCE
Original cataloging agency BD-RjUL
Language of cataloging eng
Transcribing agency BD-RjUL
Modifying agency BD-RjUL
041 ## - LANGUAGE CODE
Language code of text/sound track or separate title ara
082 ## - DEWEY DECIMAL CLASSIFICATION NUMBER
Edition number 23
Classification number 297.203
Author mark and year JUM 2003
100 ## - MAIN ENTRY--PERSONAL NAME
Personal name الجهنى , مانع بن حماد Juhani, Mane bin Hammad
9 (RLIN) 244005
245 ## - TITLE STATEMENT
Title الموسوعة الميسرة : فى الاديان والمذاهب والاحزاب المعاصرة Al musuatu al maysiratu : fi al Adyanu wa al mujahibi wa al ahjab al musirat /
Statement of responsibility, etc. الجهني, مانع بن حماد Al-Juhani Mane bin Hammad
250 ## - EDITION STATEMENT
Edition statement الطبعة الخامسة
260 ## - PUBLICATION, DISTRIBUTION, ETC. (IMPRINT)
Place of publication, distribution, etc. الرياض:
Name of publisher, distributor, etc. دارالندوة العالمية ,
Date of publication, distribution, etc. 2004
300 ## - PHYSICAL DESCRIPTION
Pagination v.;
505 ## - FORMATTED CONTENTS NOTE
Formatted contents note Vol. 1.--v-2.--
650 ## - SUBJECT ADDED ENTRY--TOPICAL TERM
Topical term or geographic name as entry element Islam
Form subdivision Theolgy
General subdivision Enciclopedias
9 (RLIN) 244006
Topical term or geographic name as entry element Religions
Form subdivision Encyclopedias
9 (RLIN) 244007
Topical term or geographic name as entry element Doctrine
Form subdivision encyclopedias
9 (RLIN) 244008
942 ## - ADDED ENTRY ELEMENTS (KOHA)
Source of classification or shelving scheme Dewey Decimal Classification
Koha item type Reference
Holdings
Lost status Source of classification or shelving scheme Damaged status Not for loan Collection code Permanent Location Current Location Shelving location Date acquired Source of acquisition Cost, normal purchase price Total Checkouts Full call number Date last seen Copy number Koha item type
  Dewey Decimal Classification   Not For Loan Reference Central Library, University of Rajshahi Central Library, University of Rajshahi   17/11/2009 Ahsania mission , Dhaka 1750.00   A 297.203 JUM V-1 2003 27/01/2021 C-1 Reference
  Dewey Decimal Classification   Not For Loan Reference Central Library, University of Rajshahi Central Library, University of Rajshahi   17/11/2009 Ahsania mission , Dhaka 1750.00   A297.203 JUM V-2 2003 27/01/2021 C-1 Reference